| 000 | 01510nam a2200421 i 4500 | ||
|---|---|---|---|
| 001 | 194098 | ||
| 003 | SpMaBN | ||
| 005 | 20250812014236.0 | ||
| 007 | ta | ||
| 008 | 240410s2007 sp | |||| 000 0 spa | ||
| 017 |
_aB 39534-2015 _bOficina Depósito Legal Barcelona |
||
| 020 | _a9788424510312 | ||
| 035 | _a(OCoLC)951091587 | ||
| 035 | _aa5797482 | ||
| 040 |
_aSpMaBN _bspa _cSpMaBN _erdc _dES-MaACL |
||
| 080 | _a792.028:37.02 | ||
| 100 | 1 |
_aDonnellan, Declan, _d1953- _0XX1712542 _9235740 |
|
| 245 | 1 | 3 |
_aEl actor y la diana / _cDeclan Donnellan ; traducción y notas de Ignacio García May. |
| 250 | _a2a ed. | ||
| 260 |
_aMadrid : _bFundamentos, _c2007. |
||
| 300 |
_a190 p. ; _c24 cm |
||
| 336 |
_aTexto (visual) _2isbdcontent |
||
| 337 |
_asin mediación _2isbdmedia |
||
| 338 |
_2rdacarrier _avolumen |
||
| 490 | 1 | _aEnsayos y manuales RESAD | |
| 490 | 1 |
_aColección Arte _v146. _aSerie Teoría teatral |
|
| 500 | _aTraducción de: The actor and the target | ||
| 650 | 0 |
_aArte dramático- _xEstudio y enseñanza _9235741 |
|
| 830 |
_aEnsayos y manuales RESAD _9235742 |
||
| 830 | 0 |
_aColección Arte (Editorial Fundamentos) _9235717 |
|
| 830 | 0 |
_aColección Arte (Editorial Fundamentos) _v146 _9235717 |
|
| 852 |
_aEs-MaACL _cDEPO2 _jA-15318 _hDonación: Candela Arroyo _9201621 |
||
| 903 |
_9235711 _aArroyo, Candela _ednr |
||
| 942 |
_n0 _cMONOGRAFIA |
||
| 999 |
_c194098 _d194098 |
||